LEADER 00865nam0-2200301---450- 001 990008770450403321 005 20090402142836.0 010 $a88-86980-19-1 035 $a000877045 035 $aFED01000877045 035 $a(Aleph)000877045FED01 035 $a000877045 100 $a20081202d2002----km-y0itay50------ba 101 0 $aita 102 $aIT 105 $aa-------001yy 200 1 $aElementi di progettazione del motore$fDaniela Vignocchi$gpresentazione di Mauro Forghieri 210 $aModena$cAthena audiovisuals$dc2002 215 $aVII, 244 p.$cill.$d24 cm 676 $a629.25$v19$zita 700 1$aVignocchi,$bDaniela$0431931 801 0$aIT$bUNINA$gRICA$2UNIMARC 901 $aBK 912 $a990008770450403321 952 $aE65$b708$fDINPA 959 $aDINPA 996 $aElementi di progettazione del motore$9809862 997 $aUNINA LEADER 01557nam--2200409---450 001 990001255440203316 005 20210212121339.0 035 $a000125544 035 $aUSA01000125544 035 $a(ALEPH)000125544USA01 035 $a000125544 100 $a20031111d1976----km-y0itay0103----ba 101 0 $aita 102 $aIT 105 $aa|||||||001yy 200 1 $a<>industria della carta da giuoco di Turnhout (1826-1976)$eCronistoria della carta da giuoco belga dal 1379 al 1826 di Louis Tummers$fEugeen van Autenboer$gcon la collaborazione di Jan Bauwens 210 $aBruxelles$cMinistero degli Affari Esteri, del Commercio con l'estero e della cooperazione allo sviluppo$d1976 215 $a152 p.$cill.$d21 cm 225 2 $aTesti e documenti collezione$iCronache belghe$v103 410 0$12001$aTesti e documenti collezione$iCronache belghe$v103 454 1$12001 461 1$1001-------$12001 606 0 $aCarte da gioco$yBelgio$xStoria$z1379-1825 606 0 $aCarte da gioco$xIndustria$xStoria$z1826-1976 676 $a795 700 1$aAUTENBOER,$bEugeen : van$0460957 702 1$aTUMMERS,$bLouis 702 1$aBAUWENS,$bJan 801 0$aIT$bsalbc$gISBD 912 $a990001255440203316 951 $aVII C coll 25/103$b85499 L.M.$cVII C 951 $aX.3.A. 346 (III A coll. 149/103 1)$b775 L.M.$cIII A coll. 951 $aX.3.A. 346a (III A coll. 149/103 2)$b776 L.M.$cIII A coll. 959 $aBK 969 $aUMA 996 $aIndustria della carta da giuoco di Turnhout (1826-1976$9986510 997 $aUNISA